| 000 | 01877cam a22004694i 4500 | ||
|---|---|---|---|
| 003 | PE-LiUPU | ||
| 005 | 20250731173004.0 | ||
| 008 | 150623s r 000 0 d | ||
| 020 | _a0802844413 | ||
| 035 | _a(Sirsi) i9780802844415 | ||
| 040 |
_aPE-LiUPU _bspa _cPE-LiUPU _erda |
||
| 049 | _aPRUA | ||
| 082 | 0 | 4 |
_a254.220 973 _bH22 _221 |
| 100 | 1 |
_aHarper, Nile, _eautor. |
|
| 245 | 1 | 0 |
_aUrban churches, vital signs : _bbeyond charity toward justice / _cNile Harper y asociados. |
| 264 | 1 |
_aGrand Rapids, Michigan : _bWilliam B. Eerdmans Publishing Co., _c1999. |
|
| 300 |
_a333 páginas ; _c23 centímetros |
||
| 336 |
_atext _2rdacontent |
||
| 337 |
_aunmediated _2rdamedia |
||
| 338 |
_avolume _2rdacarrier |
||
| 490 | 0 |
_aUrban Church Stories ; _v28 |
|
| 504 | _aIncluye bibliografía. | ||
| 505 | 0 | _aVital signs in urban churches. -Baltimore churches. -New York City churches. -Washington, D.C., churches. -Atlanta and Savannah churches. -Cleveland and Cincinnati churches. -Detroit churches. -Chicago churches. -Kansas City Churches. -Denver churches. -Houston churches. -Los Angeles churches. -San Francisco and Portland. -Beyond charity toward justice. | |
| 526 | _aSEG42 | ||
| 526 | _aSEG41 | ||
| 526 | _aSEG40 | ||
| 526 | _aSEG39 | ||
| 526 | _aP94 | ||
| 526 | _aP87 | ||
| 526 | _aP86 | ||
| 526 | _aP85 | ||
| 526 | _aP77 | ||
| 526 | _aP76 | ||
| 526 | _aP35 | ||
| 650 | 0 | 4 |
_aIglesias urbanas _zEstados Unidos. |
| 942 |
_2ddc _cBOOK |
||
| 949 |
_a254.220 973 H22 _wDEWEY _c1 _i45628 _lCCODEBUL1 _mBUL _r0 _sY _tBOOK _u2015-6-24 _xTEOLOGIA _PP35 _0COMPRA _o.STAFF. Colección General |
||
| 994 |
_aC0 _bPEPRU |
||
| 596 | _a1 | ||
| 999 |
_a254.220 973 H22 _wDEWEY _c22499 _i45628 _d22499 _f2021-11-10 _g5 _lCCODEBUL1 _mBUL _q1 _r0 _sY _tBOOK _u2015-6-24 _xTEOLOGIA _PP35 _0COMPRA _o.STAFF. Colección General |
||
| 980 |
_81 _gALBERTO SANCHEZ Responsable de Automatización |
||